GLOBAL DERIVATIVES A STRATEGIC RISK MANA (Record no. 11267)

MARC details
000 -LEADER
fixed length control field 00376nam a2200133Ia 4500
008 - FIXED-LENGTH DATA ELEMENTS--GENERAL INFORMATION
fixed length control field 240624s9999 xx 000 0 und d
041 ## - LANGUAGE CODE
Language code of text/sound track or separate title eng
082 ## - DEWEY DECIMAL CLASSIFICATION NUMBER
Classification number 332.6457 AND
100 ## - MAIN ENTRY--PERSONAL NAME
Personal name ANDERSEN TORBEN JUUL
245 ## - TITLE STATEMENT
Title GLOBAL DERIVATIVES A STRATEGIC RISK MANA
260 ## - PUBLICATION, DISTRIBUTION, ETC.
Date of publication, distribution, etc. 2006
Place of publication, distribution, etc. London
Name of publisher, distributor, etc. Financial Times/Prentice-Hall
300 ## - PHYSICAL DESCRIPTION
Extent xxiv, : 453 : p. : cm. ; 24
365 ## - TRADE PRICE
Currency code
Price amount 30
Holdings
Withdrawn status Lost status Damaged status Not for loan Home library Current library Shelving location Date acquired Source of acquisition Cost, normal purchase price Total Holds Full call number Barcode Date last seen Copy number Price effective from Koha item type
        IMTN IMTN Rack 12-B 10/17/2008 IBH 71.99 1698 332.6457 AND 11267 06/24/2024 48 06/24/2024 Books
Designed & Maintained by: LRC IMT Nagpur Contact: lrc@imtnag.ac.in© 2024. All Rights Reserved.